Animal to Geologic Period - Statistics

General Stats
  • This quiz has been taken 14 times
  • The average score is 28 of 51
Answer Stats
Hint Answer % Correct
Tyrannosaurus Cretaceous
91%
Woolly mammoth Quaternary
91%
Dimetrodon Permian
82%
Postosuchus Triassic
82%
Archaeopteryx Jurassic
82%
Velociraptor Cretaceous
82%
Mosasaurus Cretaceous
82%
Coelophysis Triassic
73%
Allosaurus Jurassic
73%
Stegosaurus Jurassic
73%
Brontosaurus Jurassic
73%
Leedsichthys Jurassic
73%
Argentinosaurus Cretaceous
73%
Deinosuchus Cretaceous
73%
Arsinoitherium Paleogene
73%
Smilodon Quaternary
73%
Neanderthal Quaternary
73%
Anomalocaris Cambrian
64%
Hallucigenia Cambrian
64%
Dunkleosteus Devonian
64%
Meganeura Carboniferous
64%
Inostrancevia Permian
64%
Psittacosaurus Cretaceous
64%
Basilosaurus Paleogene
64%
Megalodon Neogene
64%
Livyatan Neogene
64%
Opabinia Cambrian
55%
Tiktaalik Devonian
55%
Tanystropheus Triassic
55%
Hatzegopteryx Cretaceous
55%
Titanoboa Paleogene
55%
Pikaia Cambrian
45%
Scutosaurus Permian
45%
Shastasaurus Triassic
45%
Lisowicia Triassic
45%
Pliosaurus Jurassic
45%
Paraceratherium Paleogene
45%
Chalicotherium Neogene
45%
Gigantopithecus Quaternary
45%
Cladoselache Devonian
36%
Entelodon Paleogene
36%
Arctodus Quaternary
36%
Endoceras Ordovician
27%
Sahelanthropus Neogene
27%
Isotelus Ordovician
18%
Rhizodus Carboniferous
18%
Helicoprion Permian
18%
Titanis Neogene
18%
Purussaurus Neogene
9%
Pterygotus Devonian
0%
Eryops Carboniferous
0%
No matching quizzes found
Score Distribution
Percent of People with Each Score
Percentile by Number Answered
Your Score History
You have not taken this quiz